Quantitative financial economics (Record no. 98)
[ view plain ]
| 000 -LEADER | |
|---|---|
| fixed length control field | 00629 a2200193 4500 |
| 001 - CONTROL NUMBER | |
| control field | 065559 |
| 003 - CONTROL NUMBER IDENTIFIER | |
| control field | OSt |
| 005 - DATE AND TIME OF LATEST TRANSACTION | |
| control field | 20220215163019.0 |
| 008 - FIXED-LENGTH DATA ELEMENTS--GENERAL INFORMATION | |
| fixed length control field | |
| 082 ## - DEWEY DECIMAL CLASSIFICATION NUMBER | |
| Classification number | 332.6 |
| Item number | C97Q |
| 100 1# - MAIN ENTRY--PERSONAL NAME | |
| Personal name | Nitzsche, Dirk |
| 245 1# - TITLE STATEMENT | |
| Title | Quantitative financial economics |
| Statement of responsibility, etc | by Dirk Nitzsche and Keith Cuthbertson |
| 250 ## - EDITION STATEMENT | |
| Edition statement | 2nd ed. |
| 260 ## - PUBLICATION, DISTRIBUTION, ETC. (IMPRINT) | |
| Place of publication, distribution, etc | India |
| Name of publisher, distributor, etc | Wiley |
| Date of publication, distribution, etc | 2004 |
| 300 ## - PHYSICAL DESCRIPTION | |
| Extent | 720p. |
| 653 ## - INDEX TERM--UNCONTROLLED | |
| Uncontrolled term | Investments--Mathematical models; Stocks--Mathematical models; Capital assets pricing model; Bonds--Mathematical models; Foreign exchange--Mathematical models |
| 700 ## - ADDED ENTRY--PERSONAL NAME | |
| Personal name | Cuthbertson, Keith |
| 942 ## - ADDED ENTRY ELEMENTS (KOHA) | |
| Source of classification or shelving scheme | Dewey Decimal Classification |
| Koha item type | Books |
| Withdrawn status | Lost status | Source of classification or shelving scheme | Damaged status | Not for loan | Collection code | Home library | Current library | Date acquired | Source of acquisition | Cost, normal purchase price | Full call number | Barcode | Date last seen | Price effective from | Koha item type |
|---|---|---|---|---|---|---|---|---|---|---|---|---|---|---|---|
| Dewey Decimal Classification | General Text Book | Central University Of Rajasthan | Central University Of Rajasthan | 07/03/2012 | ECO | 3603.00 | 332.6 C97Q | 2550 | 21/11/2024 | 02/09/2020 | Books |
